000 01258nam a2200361 i 4500
999 _c51037
_d51037
001 51037
003 ES-MaCES
005 20220408040014.0
008 181115s2018 sp 000 | spa d
017 _aV 1931-2018
_bDL
020 _a9788491904335
040 _aES-MaCES
_bspa
_cES-MaCES
100 1 _911813
_aFernández de Gatta Sánchez, Dionisio
245 1 0 _aCreación científica e innovación tecnológica
_b: una aproximación desde el Derecho público
_cDionisio Fernández de Gatta Sánchez ; pr. de Tomás A. Quintana López
260 _aValencia
_bTirant lo Blanch
_c2018
300 _a315 p.
_c22 cm
490 1 _aTirant monografías. Alta calidad en investigación jurídica
504 _aBibliografía: p. 289-315
541 0 _cCompra
650 7 _aciencia
_928831
650 7 _atecnología
_928238
650 7 _acambio tecnológico
_928236
650 7 _ainnovación
_928230
650 7 _apensamiento creador
_927447
650 7 _aderecho público
_927169
650 4 _arégimen jurídico
_929894
650 7 _ahistoria
_927251
653 1 0 _aPolíticas sectoriales
700 1 _939361
_aQuintana López, Tomás A.
_epr.
830 0 _aTirant monografías
_932480
902 _aLIB Libro
942 _2CES
_cBK
_h5.2.